Agreement for lease, Part 2 (Record no. 84810)
[ view plain ]
| 000 -LEADER | |
|---|---|
| fixed length control field | 00908cab a22002055a 4500 |
| 001 - CONTROL NUMBER | |
| control field | L159128 |
| 008 - FIXED-LENGTH DATA ELEMENTS--GENERAL INFORMATION | |
| fixed length control field | 160204e20160130xxk 000 0 eng d |
| 035 ## - SYSTEM CONTROL NUMBER | |
| System control number | (Sirsi) u159128 |
| 041 0# - LANGUAGE CODE | |
| Language code of text/sound track or separate title | eng |
| 100 1# - MAIN ENTRY--PERSONAL NAME | |
| Personal name | Highmore, Sue |
| 245 00 - TITLE STATEMENT | |
| Title | Agreement for lease, Part 2 |
| 260 ## - PUBLICATION, DISTRIBUTION, ETC. | |
| Date of publication, distribution, etc. | 2016 |
| 490 ## - SERIES STATEMENT | |
| Series statement | Estates Gazette |
| Volume/sequential designation | (1604) 30 January 2016, 104-105(2) |
| 520 ## - SUMMARY, ETC. | |
| Summary, etc. | Part 2 of the review of what aspects an agreement for lease should cover. Discusses two of the more common conditions which must be satisfied before the lease is completed. These are; the prospective landlord needs consent of third parties to the proposed letting and the landlord needs to build the premises or carry out specified works to make existing premises suitable for the prospective tenant. |
| 590 ## - LOCAL NOTE (RLIN) | |
| Local note | KA |
| 651 #4 - SUBJECT ADDED ENTRY--GEOGRAPHIC NAME | |
| Geographic name | United Kingdom |
| 690 ## - LOCAL SUBJECT ADDED ENTRY--TOPICAL TERM (OCLC, RLIN) | |
| Topical term or geographic name as entry element | Landlord and tenant |
| 9 (RLIN) | 6252 |
| 690 ## - LOCAL SUBJECT ADDED ENTRY--TOPICAL TERM (OCLC, RLIN) | |
| Topical term or geographic name as entry element | Leasing/Letting |
| 9 (RLIN) | 6253 |
| 942 ## - ADDED ENTRY ELEMENTS (KOHA) | |
| Suppress in OPAC | 0 |
| Withdrawn status | Lost status | Source of classification or shelving scheme | Damaged status | Not for loan | Home library | Current library | Shelving location | Date acquired | Total Checkouts | Full call number | Barcode | Date last seen | Copy number | Price effective from | Koha item type |
|---|---|---|---|---|---|---|---|---|---|---|---|---|---|---|---|
| Dewey Decimal Classification | London | London | Journal article | 04/02/2016 | L159128 | 159128-1001 | 06/08/2019 | 1 | 06/08/2019 | Journal article |